Zneškodňovanie rádioaktívneho odpadu spaľovaním = Disposal of radioactive waste of combustion : Diplomová práca

Salvato in:
Dettagli Bibliografici
Autore principale: Junas, Martin (Autore)
Altri autori: Tureková, Ivana, 1960- (xxx)
Natura: Manoscritto Libro
Lingua:slovacco
Pubblicazione: Trnava : STU v Bratislave MTF UBEI, 2009
Soggetti:
Tags: Aggiungi Tag
Nessun Tag, puoi essere il primo ad aggiungerne!!

MARC

LEADER 00000ntm a22000003a 4500
001 stu180088
005 20160719160121.8
008 090216s2009----xo------------------slo-d
040 |a STU  |b slo 
041 0 |a slo 
044 |a xo 
100 1 |a Junas, Martin  |4 aut 
245 1 |a Zneškodňovanie rádioaktívneho odpadu spaľovaním = Disposal of radioactive waste of combustion :  |b Diplomová práca 
260 |a Trnava :  |b STU v Bratislave MTF UBEI,  |c 2009 
300 |a 79 s  |c 1 CD-ROM 
500 |a Kombinácia študijných odborov: 4.3.2 environmentálne inžinierstvo, 8.3.5 bezpečnosť a ochrana zdravia pri práci 
500 |a Študijný program: environmentálne a bezpečnostné inžinierstvo 
650 7 |a rádioaktívny odpad  |2 stusub 
650 7 |a zneškodňovanie rádioaktívneho odpadu  |2 stusub 
700 1 |a Tureková, Ivana,  |d 1960-  |4 xxx  |u M5000  |U MTF Materiálovotechnologická fakulta  |T MTF Ústav bezpečnosti, environmentu a kvality  |X 207  |U M5000  |Y 85  |7 A000000207 
996 |b 284M069667  |c M*DP-7524  |l MMSKP  |s P  |a 0  |w stu180088_0001